000 00526nam a2200169 i 4500
001 51571
003 ES-MaACL
005 20230906162404.0
007 t|
008 030813s1982 sp ||||1| spa d
100 1 _aDalton, D. C.
_942537
245 1 0 _aIntroducción a la genética animal práctica /
_cD.C. Dalton ; traducido del inglés por Jaime Esain Escobar.
260 _aZaragoza :
_bAcribia,
_c[1982]
300 _a168 p. ;
_c24 cm.
700 0 _aEsaín Escobar, Jaime.
_947449
852 _aES-MaACL
_jL-3583
_bR.103679
999 _c51571
_d51571